| 000 | 00933nam a22003017a 4500 | ||
|---|---|---|---|
| 001 | 0074 | ||
| 003 | DO-SdBPM | ||
| 005 | 20250819115034.0 | ||
| 007 | ta | ||
| 008 | 151111b1987 sp |||| 00| 0 spa d | ||
| 020 | _a8486587166 | ||
| 040 |
_aDO-SdBPM _bspa _cBPMSU _erda |
||
| 082 | 4 |
_a863.6 _bG463c 1987 _222 |
|
| 100 | 1 | 0 | _aGil Grimau, Rodolfo |
| 245 | 1 | 0 |
_aCuentos al sur del mediterráneo / _cRodolfo Gil Grimau ; ilustración Carmen Sáez |
| 264 |
_aMadrid : _bEdiciones De La Torre, _c1987. |
||
| 300 |
_a123 páginas : _bilustraciones, _c21 cm. |
||
| 336 |
_atexto _btxt _2rdacontent |
||
| 337 |
_asin mediación _bn _2rdamedia |
||
| 338 |
_avolumen _bnc _2rdacarrier |
||
| 490 | 1 | 0 |
_aAlba y mayo; _aNarrativa _v6 |
| 490 | 1 | 0 | _v |
| 590 | _aInventariado, 2025/VM | ||
| 650 | 7 | _aCuentos infantiles españoles | |
| 700 | 1 |
_aSáez, Carmen, _eilustración |
|
| 910 | _aVMateo V. Control de calidad. BPMSU | ||
| 942 |
_2ddc _cBK |
||
| 999 |
_c8655 _d8655 |
||